[Event "Copenhagen K41 Aabent-ch 0506"]
[Site "Copenhagen"]
[Date "2006.01.31"]
[Round "7"]
[White "Opstrup, Niels"]
[Black "Joensen, Hjalmar"]
[Result "0-1"]
[WhiteElo "1240"]
[BlackElo "1423"]
[PlyCount "106"]
[EventDate "2005.11.15"]
[EventType "swiss"]
[EventRounds "9"]
[EventCountry "DEN"]
[SourceTitle "EXT 2023"]
[Source "ChessBase"]
[SourceDate "2022.10.05"]
[SourceVersion "1"]
[SourceVersionDate "2022.10.05"]
[SourceQuality "1"]

1. d4 Nf6 2. c4 g6 3. Nc3 Bg7 4. e4 d6 5. Be2 0-0 6. Bg5 Nbd7 7. Nh3 e5 8. d5 a6 9. f3 Qe8 10. g4 Nb6 11. Nf2 h6 12. Be3 Nfd7 13. h4 Qe7 14. Qd2 Kh7 15. g5 h5 16. Nd3 Nxc4 17. Qc1 Nxe3 18. Qxe3 b5 19. a3 Nb6 20. Nb4 Bb7 21. 0-0 Qd7 22. Kg2 Rae8 23. f4 exf4 24. Rxf4 f6 25. Raf1 f5 26. Qh3 fxe4 27. Qxd7 Nxd7 28. Rxf8 Nxf8 29. Rf4 e3 30. Rf7 Rc8 31. Re7 Kg8 32. Rxe3 Kf7 33. Bd3 Re8 34. Rf3+ Kg8 35. Kf2 Bd4+ 36. Kf1 Kg7 37. Nc2 Bxc3 38. bxc3 Bxd5 39. Rf6 Be4 40. Ke2 Bxd3+ 41. Kxd3 Nd7 42. Rf4 Rf8 43. Rxf8 Kxf8 44. Kd4 c6 45. c4 Ke7 46. Ne3 Ke6 47. cxb5 axb5 48. Ng2 c5+ 49. Kc3 Ke5 50. Ne3 d5 51. Nc2 Kf4 52. Ne1 Ne5 53. Ng2+ Kg3 0-1

[Event "Rodovre-ch C"]
[Site "Rodovre"]
[Date "2005.10.11"]
[Round "6"]
[White "Opstrup, Niels"]
[Black "Petersen, Steen"]
[Result "1-0"]
[WhiteElo "1096"]
[BlackElo "1241"]
[PlyCount "79"]
[EventDate "2005.09.06"]
[EventType "swiss"]
[EventRounds "7"]
[EventCountry "DEN"]
[SourceTitle "EXT 2023"]
[Source "ChessBase"]
[SourceDate "2022.10.05"]
[SourceVersion "1"]
[SourceVersionDate "2022.10.05"]
[SourceQuality "1"]

1. d4 Nf6 2. c4 e6 3. Nc3 d5 4. e3 b6 5. cxd5 exd5 6. Bd3 Bb4 7. a3 Bxc3+ 8. bxc3 0-0 9. Qc2 Bb7 10. Nf3 h6 11. 0-0 Nbd7 12. Re1 Re8 13. a4 a5 14. Ba3 Ne4 15. Rac1 Ba6 16. c4 Ndf6 17. h3 Rc8 18. Ne5 c5 19. Bb2 cxd4 20. Bxd4 Nc5 21. Qa2 Nxd3 22. Nxd3 Bxc4 23. Qa3 Bxd3 24. Qxd3 Re6 25. Qb5 Rb8 26. Red1 Qe8 27. Rb1 Rd6 28. Bxf6 gxf6 29. Rxd5 Rxd5 30. Qxd5 Qxa4 31. Qd6 Rb7 32. Qxf6 b5 33. Rc1 Kh7 34. Rc8 Qd1+ 35. Kh2 Qd6+ 36. Qxd6 Kg7 37. Qe5+ f6 38. Qg3+ Kf7 39. Qg8+ Ke7 40. Qh7+ 1-0

[Event "Rodovre-ch C"]
[Site "Rodovre"]
[Date "2005.09.13"]
[Round "2"]
[White "Opstrup, Niels"]
[Black "Vestergaard, John"]
[Result "1/2-1/2"]
[WhiteElo "1096"]
[BlackElo "1291"]
[PlyCount "79"]
[EventDate "2005.09.06"]
[EventType "swiss"]
[EventRounds "7"]
[EventCountry "DEN"]
[SourceTitle "EXT 2023"]
[Source "ChessBase"]
[SourceDate "2022.10.05"]
[SourceVersion "1"]
[SourceVersionDate "2022.10.05"]
[SourceQuality "1"]

1. d4 d5 2. c4 c6 3. Nf3 Bg4 4. e3 Nf6 5. Nc3 e6 6. c5 b6 7. cxb6 axb6 8. Be2 Bd6 9. Ng5 Bxe2 10. Qxe2 h6 11. Nf3 0-0 12. e4 dxe4 13. Nxe4 Nxe4 14. Qxe4 Re8 15. 0-0 Qc7 16. Qg4 Kf8 17. b3 Nd7 18. Qh4 e5 19. Bxh6 gxh6 20. Qxh6+ Ke7 21. Rfe1 Kd8 22. Ng5 f6 23. Nf7+ Kc8 24. d5 c5 25. Nxd6+ Qxd6 26. Qd2 Rh8 27. h3 Rh4 28. Qd3 Rd4 29. Qg6 Qxd5 30. a4 Qxb3 31. Reb1 Qd5 32. a5 Rxa5 33. Rxa5 Rd1+ 34. Kh2 Rxb1 35. Qe8+ Kc7 36. Ra7+ Kc6 37. Qa8+ Kd6 38. Qd8 Ke6 39. Qg8+ Kd6 40. Qd8 1/2-1/2

[Event "Rodovre-ch D"]
[Site "Rodovre"]
[Date "2004.10.19"]
[Round "7"]
[White "Hviid, Jens1111"]
[Black "Opstrup, Niels"]
[Result "1-0"]
[WhiteElo "1289"]
[BlackElo "1179"]
[PlyCount "69"]
[EventDate "2004.08.31"]
[EventType "tourn"]
[EventRounds "7"]
[EventCountry "DEN"]
[SourceTitle "EXT 2023"]
[Source "ChessBase"]
[SourceDate "2022.10.05"]
[SourceVersion "1"]
[SourceVersionDate "2022.10.05"]
[SourceQuality "1"]

1. Nf3 d5 2. g3 e6 3. Bg2 Nf6 4. b3 c5 5. Bb2 Nc6 6. a4 Be7 7. d3 0-0 8. 0-0 Qc7 9. Nbd2 Rd8 10. c3 e5 11. Qc2 d4 12. Ba3 h6 13. cxd4 exd4 14. Rac1 b6 15. Nc4 Bb7 16. Nfd2 Rab8 17. Ne4 Nxe4 18. Bxe4 Ne5 19. f3 Bd5 20. Nd2 Qd7 21. Bxd5 Qxd5 22. Nc4 Ng6 23. Rb1 Qe6 24. Rf2 Rd5 25. Re1 Rg5 26. e4 Nf4 27. Kh1 Nh3 28. Rg2 Rh5 29. Qe2 Qf6 30. f4 Qg6 31. Ne5 Nxf4 32. gxf4 Rxh2+ 33. Rxh2 Qe6 34. Nc4 Re8 35. f5 1-0

[Event "Politiken Cup 24th"]
[Site "Copenhagen"]
[Date "2002.07.20"]
[Round "6"]
[White "Manley, Christian"]
[Black "Opstrup, Niels"]
[Result "1-0"]
[WhiteElo "1469"]
[BlackElo "1196"]
[PlyCount "95"]
[EventDate "2002.07.15"]
[EventType "swiss"]
[EventRounds "11"]
[EventCountry "DEN"]
[SourceTitle "CBM 089 Extra"]
[Source "ChessBase"]
[SourceDate "2002.09.10"]
[SourceVersion "2"]
[SourceVersionDate "2002.09.10"]
[SourceQuality "1"]

1. d4 Nf6 2. c4 e5 3. dxe5 Ng4 4. Nf3 Nc6 5. Bf4 Bb4+ 6. Nbd2 Qe7 7. a3 Ngxe5 8. Nxe5 Nxe5 9. e3 Bxd2+ 10. Qxd2 d6 11. Be2 0-0 12. Qc3 Re8 13. Bf3 c6 14. 0-0-0 Bf5 15. g4 Bg6 16. Be2 Rad8 17. h4 Nxg4 18. Bxg4 Qe4 19. h5 Bf5 20. Bxf5 Qxf5 21. h6 Qf6 22. Qxf6 gxf6 23. Rhg1+ Kh8 24. Rxd6 Rxd6 25. Bxd6 Re6 26. c5 f5 27. Rg7 Rxh6 28. Rxf7 Kg8 29. Rxf5 Re6 30. Be5 b6 31. b4 bxc5 32. bxc5 a6 33. f3 Rg6 34. e4 Rg2 35. Bb2 Rh2 36. f4 h5 37. Rg5+ Kf7 38. f5 h4 39. Be5 Re2 40. Rg7+ Kf8 41. Rg4 h3 42. Rh4 Re3 43. a4 Kf7 44. a5 Ra3 45. Rh7+ Ke8 46. f6 Rxa5 47. f7+ Ke7 48. Bd6+ 1-0